[Event "Top 12 2021"]
[Site "Chalons en Champagne, France"]
[Date "2021.07.04"]
[Round "11.17"]
[White "Bluebaum, Matthias MUL"]
[Black "Hamitevici, Vladimir VAN"]
[Result "1/2-1/2"]
[WhiteElo "2669"]
[BlackElo "2456"]

1. d4 {[%clk 01:30:56]} {[%emt 00:00:03]} Nf6 {[%clk 01:26:14]} {[%emt
00:04:47]} 2. c4 {[%clk 01:31:12]} {[%emt 00:00:14]} e6 {[%clk 01:26:19]}
{[%emt 00:00:26]} 3. Nf3 {[%clk 01:31:00]} {[%emt 00:00:42]} b6 {[%clk
01:26:01]} {[%emt 00:00:49]} 4. g3 {[%clk 01:31:08]} {[%emt 00:00:21]} Bb7
{[%clk 01:26:12]} {[%emt 00:00:19]} 5. Bg2 {[%clk 01:31:31]} {[%emt 00:00:07]}
Be7 {[%clk 01:25:56]} {[%emt 00:00:44]} 6. O-O {[%clk 01:31:23]} {[%emt
00:00:39]} O-O {[%clk 01:26:21]} {[%emt 00:00:05]} 7. Nc3 {[%clk 01:30:57]}
{[%emt 00:00:55]} Ne4 {[%clk 01:26:30]} {[%emt 00:00:22]} 8. Bd2 {[%clk
01:31:21]} {[%emt 00:00:06]} Bf6 {[%clk 01:24:24]} {[%emt 00:02:36]} 9. Re1
{[%clk 01:30:19]} {[%emt 00:01:33]} Na6 {[%clk 01:16:40]} {[%emt 00:08:15]} 10.
Ne5 {[%clk 01:20:05]} {[%emt 00:10:43]} Nxc3 {[%clk 01:14:14]} {[%emt
00:02:56]} 11. Bxc3 {[%clk 01:20:33]} {[%emt 00:00:03]} Bxg2 {[%clk 01:14:11]}
{[%emt 00:00:33]} 12. Kxg2 {[%clk 01:20:58]} {[%emt 00:00:04]} c5 {[%clk
01:12:44]} {[%emt 00:01:57]} 13. d5 {[%clk 01:15:37]} {[%emt 00:05:52]} Qc7
{[%clk 01:06:53]} {[%emt 00:06:21]} 14. Nf3 {[%clk 01:04:56]} {[%emt 00:11:11]}
Bxc3 {[%clk 01:06:15]} {[%emt 00:01:07]} 15. bxc3 {[%clk 01:05:24]} {[%emt
00:00:02]} Rae8 {[%clk 00:55:31]} {[%emt 00:11:14]} 16. e4 {[%clk 00:57:54]}
{[%emt 00:08:00]} d6 {[%clk 00:54:06]} {[%emt 00:01:56]} 17. a4 {[%clk
00:54:00]} {[%emt 00:04:25]} Nb8 {[%clk 00:52:50]} {[%emt 00:01:45]} 18. a5
{[%clk 00:52:10]} {[%emt 00:02:19]} Nd7 {[%clk 00:48:21]} {[%emt 00:04:59]} 19.
Qa4 {[%clk 00:47:47]} {[%emt 00:04:54]} bxa5 {[%clk 00:44:03]} {[%emt
00:04:48]} 20. Qxa5 {[%clk 00:43:39]} {[%emt 00:04:38]} Qxa5 {[%clk 00:44:25]}
{[%emt 00:00:08]} 21. Rxa5 {[%clk 00:44:07]} {[%emt 00:00:03]} Nb6 {[%clk
00:43:13]} {[%emt 00:01:42]} 22. Nd2 {[%clk 00:42:22]} {[%emt 00:02:15]} exd5
{[%clk 00:39:35]} {[%emt 00:04:07]} 23. cxd5 {[%clk 00:42:50]} {[%emt
00:00:02]} Nxd5 {[%clk 00:38:28]} {[%emt 00:01:37]} 24. c4 {[%clk 00:43:19]}
{[%emt 00:00:02]} Nb4 {[%clk 00:34:47]} {[%emt 00:04:11]} 25. Rxa7 {[%clk
00:43:25]} {[%emt 00:00:24]} f5 {[%clk 00:35:13]} {[%emt 00:00:04]} 26. Re3
{[%clk 00:33:31]} {[%emt 00:10:24]} Nc2 {[%clk 00:31:00]} {[%emt 00:04:43]} 27.
Rb3 {[%clk 00:33:24]} {[%emt 00:00:37]} Nb4 {[%clk 00:26:56]} {[%emt 00:04:34]}
28. exf5 {[%clk 00:29:08]} {[%emt 00:04:47]} Rxf5 {[%clk 00:22:31]} {[%emt
00:04:54]} 29. Nf1 {[%clk 00:29:15]} {[%emt 00:00:23]} Rf7 {[%clk 00:12:43]}
{[%emt 00:10:18]} 30. Rxf7 {[%clk 00:28:21]} {[%emt 00:01:24]} Kxf7 {[%clk
00:13:02]} {[%emt 00:00:11]} 31. Ne3 {[%clk 00:28:47]} {[%emt 00:00:04]} Ra8
{[%clk 00:12:31]} {[%emt 00:01:01]} 32. Nf5 {[%clk 00:27:51]} {[%emt 00:01:26]}
Ra6 {[%clk 00:06:11]} {[%emt 00:06:51]} 33. Rf3 {[%clk 00:25:58]} {[%emt
00:02:23]} d5 {[%clk 00:06:35]} {[%emt 00:00:06]} 34. cxd5 {[%clk 00:26:18]}
{[%emt 00:00:11]} Nxd5 {[%clk 00:06:39]} {[%emt 00:00:26]} 35. Nd6+ {[%clk
00:25:51]} {[%emt 00:00:57]} Ke7 {[%clk 00:06:26]} {[%emt 00:00:41]} 36. Nf5+
{[%clk 00:22:46]} {[%emt 00:03:36]} Kf6 {[%clk 00:05:36]} {[%emt 00:01:20]} 37.
Ne3+ {[%clk 00:17:20]} {[%emt 00:05:57]} Ke6 {[%clk 00:04:48]} {[%emt
00:01:17]} 38. Nxd5 {[%clk 00:17:45]} {[%emt 00:00:05]} Kxd5 {[%clk 00:05:12]}
{[%emt 00:00:06]} 39. Rd3+ {[%clk 00:18:12]} {[%emt 00:00:03]} Ke4 {[%clk
00:04:27]} {[%emt 00:01:14]} 40. Re3+ {[%clk 00:47:13]} {[%emt 00:01:31]} Kd4
{[%clk 00:34:32]} {[%emt 00:00:24]} 41. Re7 {[%clk 00:47:38]} {[%emt 00:00:05]}
c4 {[%clk 00:33:19]} {[%emt 00:01:43]} 42. Rxg7 {[%clk 00:39:49]} {[%emt
00:08:19]} Rc6 {[%clk 00:32:37]} {[%emt 00:01:12]} 43. Rxh7 {[%clk 00:38:35]}
{[%emt 00:01:44]} c3 {[%clk 00:33:02]} {[%emt 00:00:05]} 44. Rd7+ {[%clk
00:39:03]} {[%emt 00:00:03]} Kc4 {[%clk 00:32:43]} {[%emt 00:00:48]} 45. Rd1
{[%clk 00:39:12]} {[%emt 00:00:21]} c2 {[%clk 00:33:08]} {[%emt 00:00:05]} 46.
Rc1 {[%clk 00:39:39]} {[%emt 00:00:04]} Kd3 {[%clk 00:32:51]} {[%emt 00:00:46]}
47. h4 {[%clk 00:37:05]} {[%emt 00:03:04]} Kd2 {[%clk 00:32:32]} {[%emt
00:00:49]} 48. Rxc2+ {[%clk 00:37:31]} {[%emt 00:00:04]} Rxc2 {[%clk 00:31:10]}
{[%emt 00:01:51]} 49. h5 {[%clk 00:35:02]} {[%emt 00:02:59]} Kd3 {[%clk
00:31:24]} {[%emt 00:00:16]} 50. Kf3 {[%clk 00:35:28]} {[%emt 00:00:04]} Kd4
{[%clk 00:31:41]} {[%emt 00:00:13]} 51. Kf4 {[%clk 00:35:00]} {[%emt 00:00:58]}
Kd5 {[%clk 00:27:42]} {[%emt 00:04:28]} 52. Kf5 {[%clk 00:34:48]} {[%emt
00:00:43]} Rxf2 {[%clk 00:16:17]} {[%emt 00:11:54]} 53. Kg6 {[%clk 00:35:08]}
{[%emt 00:00:11]} Ke6 {[%clk 00:15:47]} {[%emt 00:01:00]} 54. h6 {[%clk
00:35:27]} {[%emt 00:00:11]} Rg2 {[%clk 00:15:59]} {[%emt 00:00:17]} 55. Kg7
{[%clk 00:35:29]} {[%emt 00:00:28]} Rxg3+ {[%clk 00:14:41]} {[%emt 00:01:47]}
56. Kf8 {[%clk 00:35:49]} {[%emt 00:00:10]} Rh3 {[%clk 00:14:54]} {[%emt
00:00:17]} 57. Kg7 {[%clk 00:36:16]} {[%emt 00:00:04]} Ke7 {[%clk 00:15:14]}
{[%emt 00:00:10]} 58. h7 {[%clk 00:36:42]} {[%emt 00:00:05]} Rg3 {[%clk
00:15:30]} {[%emt 00:00:14]} 59. Kh8 {[%clk 00:37:08]} {[%emt 00:00:04]} Rf3
{[%clk 00:15:44]} {[%emt 00:00:15]} 60. Kg7 {[%clk 00:37:31]} {[%emt 00:00:06]}
Rf7 {[%clk 00:16:09]} {[%emt 00:00:05]} 61. Kg8 {[%clk 00:37:53]} {[%emt
00:00:09]} Rf8+ {[%clk 00:16:35]} {[%emt 00:00:04]} 62. Kg7 {[%clk 00:38:19]}
{[%emt 00:00:04]} Rh8 {[%clk 00:16:57]} {[%emt 00:00:08]} 63. Kxh8 {[%clk
00:38:43]} {[%emt 00:00:06]} Kf7 {[%emt 00:00:05]} 1/2-1/2

[Event "Top 12 2021"]
[Site "Chalons en Champagne, France"]
[Date "2021.07.04"]
[Round "11.18"]
[White "Solodovnichenko, Yuri VAN"]
[Black "Istratescu, Andrei MUL"]
[Result "1/2-1/2"]
[WhiteElo "2546"]
[BlackElo "2553"]

1. e4 {[%clk 01:30:57]} {[%emt 00:00:02]} c5 {[%clk 01:30:43]} {[%emt
00:00:17]} 2. Nf3 {[%clk 01:31:21]} {[%emt 00:00:06]} Nc6 {[%clk 01:29:26]}
{[%emt 00:01:47]} 3. d4 {[%clk 01:31:42]} {[%emt 00:00:08]} cxd4 {[%clk
01:29:53]} {[%emt 00:00:04]} 4. Nxd4 {[%clk 01:32:06]} {[%emt 00:00:05]} g6
{[%clk 01:29:07]} {[%emt 00:01:16]} 5. Nc3 {[%clk 01:32:24]} {[%emt 00:00:12]}
Bg7 {[%clk 01:29:17]} {[%emt 00:00:20]} 6. Be3 {[%clk 01:32:47]} {[%emt
00:00:06]} Nf6 {[%clk 01:29:44]} {[%emt 00:00:03]} 7. Bc4 {[%clk 01:33:10]}
{[%emt 00:00:07]} O-O {[%clk 01:29:46]} {[%emt 00:00:29]} 8. Bb3 {[%clk
01:33:33]} {[%emt 00:00:07]} d6 {[%clk 01:29:16]} {[%emt 00:01:00]} 9. f3
{[%clk 01:33:10]} {[%emt 00:00:53]} Bd7 {[%clk 01:29:15]} {[%emt 00:00:31]} 10.
Qd2 {[%clk 01:33:31]} {[%emt 00:00:09]} Nxd4 {[%clk 01:29:17]} {[%emt
00:00:29]} 11. Bxd4 {[%clk 01:33:52]} {[%emt 00:00:09]} b5 {[%clk 01:29:12]}
{[%emt 00:00:35]} 12. h4 {[%clk 01:30:52]} {[%emt 00:03:30]} a5 {[%clk
01:27:57]} {[%emt 00:01:45]} 13. h5 {[%clk 01:31:06]} {[%emt 00:00:16]} a4
{[%clk 01:22:49]} {[%emt 00:05:38]} 14. Bd5 {[%clk 01:31:00]} {[%emt 00:00:35]}
e5 {[%clk 01:16:01]} {[%emt 00:07:19]} 15. h6 {[%clk 01:18:05]} {[%emt
00:13:26]} exd4 {[%clk 01:05:01]} {[%emt 00:11:30]} 16. hxg7 {[%clk 01:18:11]}
{[%emt 00:00:24]} Kxg7 {[%clk 01:05:27]} {[%emt 00:00:04]} 17. Bxa8 {[%clk
01:13:44]} {[%emt 00:04:55]} dxc3 {[%clk 01:05:43]} {[%emt 00:00:14]} 18. Qxc3
{[%clk 01:13:46]} {[%emt 00:00:28]} Qxa8 {[%clk 01:02:58]} {[%emt 00:02:54]} 19.
O-O-O {[%clk 01:13:50]} h5 {[%clk 01:02:58]} 20. Rxd6 {[%clk 01:13:50]} {[%emt
00:01:47]} Be6 {[%emt 00:00:53]} 21. Kb1 {[%clk 00:24:41]} {[%emt 00:48:49]}
Rd8 {[%clk 00:57:00]} {[%emt 00:06:55]} 22. Rd4 {[%clk 00:16:49]} {[%emt
00:08:22]} 1/2-1/2

[Event "Top 12 2021"]
[Site "Chalons en Champagne, France"]
[Date "2021.07.04"]
[Round "11.19"]
[White "Gajewski, Grzegorz MUL"]
[Black "Mathieu, Phileas VAN"]
[Result "1-0"]
[WhiteElo "2603"]
[BlackElo "2240"]

1. d4 {[%clk 01:30:55]} {[%emt 00:00:03]} Nf6 {[%clk 01:30:54]} {[%emt
00:00:06]} 2. c4 {[%clk 01:31:20]} {[%emt 00:00:05]} g6 {[%clk 01:31:20]}
{[%emt 00:00:04]} 3. g3 {[%clk 01:31:32]} {[%emt 00:00:18]} Bg7 {[%clk
01:31:43]} {[%emt 00:00:06]} 4. Bg2 {[%clk 01:31:58]} {[%emt 00:00:05]} O-O
{[%clk 01:32:08]} {[%emt 00:00:06]} 5. Nc3 {[%clk 01:32:23]} {[%emt 00:00:05]}
d6 {[%clk 01:32:35]} {[%emt 00:00:04]} 6. Nf3 {[%clk 01:32:47]} {[%emt
00:00:05]} c6 {[%clk 01:33:02]} {[%emt 00:00:03]} 7. O-O {[%clk 01:33:08]}
{[%emt 00:00:08]} Qa5 {[%clk 01:33:30]} {[%emt 00:00:02]} 8. e4 {[%clk
01:33:25]} {[%emt 00:00:13]} Bg4 {[%clk 01:33:58]} {[%emt 00:00:03]} 9. h3
{[%clk 01:31:11]} {[%emt 00:02:44]} Bxf3 {[%clk 01:34:22]} {[%emt 00:00:06]} 10.
Bxf3 {[%clk 01:31:33]} {[%emt 00:00:08]} Nfd7 {[%clk 01:34:49]} {[%emt
00:00:03]} 11. Be3 {[%clk 01:31:37]} {[%emt 00:00:25]} c5 {[%clk 01:35:15]}
{[%emt 00:00:06]} 12. Rc1 {[%clk 01:26:56]} {[%emt 00:05:10]} cxd4 {[%clk
01:16:13]} {[%emt 00:19:33]} 13. Bxd4 {[%clk 01:25:45]} {[%emt 00:01:40]} Bxd4
{[%clk 01:16:28]} {[%emt 00:00:15]} 14. Qxd4 {[%clk 01:26:11]} {[%emt
00:00:03]} Nc6 {[%clk 01:16:51]} {[%emt 00:00:08]} 15. Qd2 {[%clk 01:26:20]}
{[%emt 00:00:21]} Rfd8 {[%clk 01:12:57]} {[%emt 00:04:25]} 16. Bg2 {[%clk
01:19:47]} {[%emt 00:07:02]} Nc5 {[%clk 01:01:03]} {[%emt 00:12:25]} 17. f4
{[%clk 01:15:23]} {[%emt 00:04:53]} Na4 {[%clk 01:00:43]} {[%emt 00:00:50]} 18.
b3 {[%clk 01:09:35]} {[%emt 00:06:17]} Nxc3 {[%clk 00:59:58]} {[%emt 00:01:16]}
19. Rxc3 {[%clk 01:10:02]} {[%emt 00:00:02]} Rac8 {[%clk 00:57:04]} {[%emt
00:03:25]} 20. Rf2 {[%clk 01:05:39]} {[%emt 00:04:54]} Nb4 {[%clk 00:45:06]}
{[%emt 00:12:28]} 21. Rcf3 {[%clk 00:59:34]} {[%emt 00:06:35]} Nc6 {[%clk
00:42:01]} {[%emt 00:03:36]} 22. Qb2 {[%clk 00:44:02]} {[%emt 00:16:01]} Qc5
{[%clk 00:40:54]} {[%emt 00:01:38]} 23. Rd3 {[%clk 00:41:58]} {[%emt 00:02:33]}
e5 {[%clk 00:32:05]} {[%emt 00:09:19]} 24. Rd5 {[%clk 00:31:56]} {[%emt
00:10:32]} Qe3 {[%clk 00:32:17]} {[%emt 00:00:19]} 25. Kh2 {[%clk 00:32:15]}
{[%emt 00:00:09]} Nb4 {[%clk 00:22:13]} {[%emt 00:10:35]} 26. Re2 {[%clk
00:32:29]} {[%emt 00:00:16]} Nxd5 {[%clk 00:20:22]} {[%emt 00:02:22]} 27. Rxe3
{[%clk 00:32:56]} {[%emt 00:00:02]} Nxe3 {[%clk 00:20:51]} {[%emt 00:00:01]} 28.
Bf3 {[%clk 00:33:18]} {[%emt 00:00:08]} b5 {[%clk 00:16:33]} {[%emt 00:04:49]}
29. Qf2 {[%clk 00:33:03]} {[%emt 00:00:42]} Nxc4 {[%clk 00:09:53]} {[%emt
00:07:13]} 30. bxc4 {[%clk 00:33:31]} {[%emt 00:00:02]} Rxc4 {[%clk 00:09:23]}
{[%emt 00:00:59]} 31. Bd1 {[%clk 00:31:39]} {[%emt 00:02:22]} Rxe4 {[%clk
00:08:26]} {[%emt 00:01:27]} 32. Qxa7 {[%clk 00:30:36]} {[%emt 00:01:32]} exf4
{[%clk 00:07:57]} {[%emt 00:01:00]} 33. Bb3 {[%clk 00:31:03]} {[%emt 00:00:02]}
fxg3+ {[%clk 00:05:51]} {[%emt 00:02:37]} 34. Kxg3 {[%clk 00:31:26]} {[%emt
00:00:06]} Rf8 {[%clk 00:05:05]} {[%emt 00:01:17]} 35. Qd7 {[%clk 00:24:34]}
{[%emt 00:07:22]} Re3+ {[%clk 00:02:29]} {[%emt 00:03:06]} 36. Kf4 {[%clk
00:24:30]} {[%emt 00:00:34]} Re5 {[%clk 00:02:58]} {[%emt 00:00:01]} 37. Qxd6
{[%clk 00:24:50]} {[%emt 00:00:09]} Rf5+ {[%clk 00:03:24]} {[%emt 00:00:04]} 38.
Ke4 {[%clk 00:23:59]} {[%emt 00:01:20]} Re8+ {[%clk 00:02:57]} {[%emt
00:00:58]} 39. Kd4 {[%clk 00:24:26]} {[%emt 00:00:02]} Re2 {[%clk 00:02:47]}
{[%emt 00:00:40]} 40. Kd3 {[%clk 00:51:56]} {[%emt 00:03:00]} Ref2 {[%clk
00:32:13]} {[%emt 00:01:04]} 41. Qd8+ {[%clk 00:43:29]} {[%emt 00:08:57]} Kg7
{[%clk 00:32:28]} {[%emt 00:00:14]} 42. Qd4+ {[%clk 00:43:56]} {[%emt
00:00:03]} Kg8 {[%clk 00:25:51]} {[%emt 00:07:08]} 43. Bd5 {[%clk 00:38:16]}
{[%emt 00:06:10]} R5f3+ {[%clk 00:20:09]} {[%emt 00:06:13]} 44. Bxf3 {[%clk
00:36:08]} {[%emt 00:02:38]} Rxf3+ {[%clk 00:20:32]} {[%emt 00:00:08]} 45. Ke4
{[%clk 00:36:33]} {[%emt 00:00:04]} Rxh3 {[%clk 00:20:52]} {[%emt 00:00:11]} 46.
Ke5 {[%clk 00:36:41]} {[%emt 00:00:21]} Rh5+ {[%clk 00:20:52]} {[%emt
00:00:31]} 47. Kf6 {[%clk 00:36:59]} {[%emt 00:00:12]} Rf5+ {[%clk 00:21:11]}
{[%emt 00:00:11]} 48. Ke7 {[%clk 00:37:27]} {[%emt 00:00:02]} h5 {[%clk
00:20:57]} {[%emt 00:00:45]} 49. Ke8 {[%clk 00:29:55]} {[%emt 00:08:01]} Rf1
{[%clk 00:17:02]} {[%emt 00:04:25]} 50. Qb4 {[%clk 00:21:27]} {[%emt 00:08:58]}
Rf5 {[%clk 00:17:14]} {[%emt 00:00:19]} 51. Qe7 {[%clk 00:20:16]} {[%emt
00:01:41]} Kg7 {[%clk 00:17:09]} {[%emt 00:00:35]} 52. a3 {[%clk 00:19:11]}
{[%emt 00:01:35]} Kg8 {[%clk 00:17:16]} {[%emt 00:00:23]} 53. Qf8 {[%clk
00:18:24]} {[%emt 00:01:17]} Kh7 {[%clk 00:17:04]} {[%emt 00:00:41]} 54. Ke7
{[%clk 00:17:07]} {[%emt 00:01:47]} Re5+ {[%clk 00:14:59]} {[%emt 00:02:37]} 55.
Kd6 {[%clk 00:17:35]} Rf5 {[%clk 00:15:23]} {[%emt 00:00:06]} 56. Qb8 {[%clk
00:17:58]} {[%emt 00:00:07]} Kg7 {[%clk 00:15:33]} {[%emt 00:00:20]} 57. Ke7
{[%clk 00:18:19]} {[%emt 00:00:08]} h4 {[%clk 00:10:16]} {[%emt 00:05:48]} 58.
Qh2 {[%clk 00:16:11]} {[%emt 00:02:38]} f6 {[%clk 00:07:20]} {[%emt 00:03:27]}
59. Qxh4 {[%clk 00:16:07]} {[%emt 00:00:33]} Re5+ {[%clk 00:07:49]} {[%emt
00:00:02]} 60. Kd6 {[%clk 00:16:26]} {[%emt 00:00:11]} Rh5 {[%clk 00:07:11]}
{[%emt 00:01:08]} 61. Qf4 {[%clk 00:12:51]} {[%emt 00:04:04]} Re5 {[%clk
00:07:34]} {[%emt 00:00:08]} 62. Kc6 {[%clk 00:12:49]} {[%emt 00:00:32]} g5
{[%clk 00:05:15]} {[%emt 00:02:49]} 63. Qg4 {[%clk 00:13:10]} {[%emt 00:00:08]}
Kg6 {[%clk 00:05:17]} {[%emt 00:00:29]} 64. Qf3 {[%clk 00:13:19]} {[%emt
00:00:19]} Kf7 {[%clk 00:04:31]} {[%emt 00:01:16]} 65. Qd3 {[%clk 00:11:48]}
{[%emt 00:02:01]} Kg7 {[%clk 00:04:06]} {[%emt 00:00:56]} 66. Qd7+ {[%clk
00:12:12]} {[%emt 00:00:07]} Kg6 {[%clk 00:04:27]} {[%emt 00:00:09]} 67. Kd6
{[%clk 00:12:36]} {[%emt 00:00:05]} Rf5 {[%clk 00:01:46]} {[%emt 00:03:12]} 68.
Qe8 {[%clk 00:12:39]} {[%emt 00:00:27]} Kg7 {[%clk 00:02:14]} {[%emt 00:00:02]}
69. Qe7+ {[%clk 00:13:01]} {[%emt 00:00:07]} Kg6 {[%clk 00:02:42]} {[%emt
00:00:02]} 70. Qe4 {[%clk 00:13:24]} {[%emt 00:00:07]} 1-0

[Event "Top 12 2021"]
[Site "Chalons en Champagne, France"]
[Date "2021.07.04"]
[Round "11.20"]
[White "Savina, Anastasia VAN"]
[Black "Heimann, Andreas MUL"]
[Result "1/2-1/2"]
[WhiteElo "2333"]
[BlackElo "2599"]

1. d4 {[%clk 01:30:56]} {[%emt 00:00:04]} Nf6 {[%clk 01:30:53]} {[%emt
00:00:06]} 2. c4 {[%clk 01:31:23]} {[%emt 00:00:04]} e6 {[%clk 01:31:19]}
{[%emt 00:00:04]} 3. Nc3 {[%clk 01:31:48]} {[%emt 00:00:05]} Bb4 {[%clk
01:31:45]} {[%emt 00:00:04]} 4. e3 {[%clk 01:32:09]} {[%emt 00:00:09]} O-O
{[%clk 01:32:06]} {[%emt 00:00:09]} 5. Bd2 {[%clk 01:32:10]} {[%emt 00:00:29]}
d5 {[%clk 01:31:29]} {[%emt 00:01:07]} 6. Nf3 {[%clk 01:31:59]} {[%emt
00:00:41]} b6 {[%clk 01:27:45]} {[%emt 00:04:14]} 7. cxd5 {[%clk 01:32:13]}
{[%emt 00:00:17]} exd5 {[%clk 01:28:09]} {[%emt 00:00:05]} 8. Rc1 {[%clk
01:32:15]} {[%emt 00:00:28]} Bb7 {[%clk 01:24:52]} {[%emt 00:03:47]} 9. Bd3
{[%clk 01:30:00]} {[%emt 00:02:45]} a6 {[%clk 01:25:12]} {[%emt 00:00:10]} 10.
Ne5 {[%clk 01:29:34]} {[%emt 00:00:56]} Bd6 {[%clk 01:23:50]} {[%emt 00:01:51]}
11. f4 {[%clk 01:29:35]} {[%emt 00:00:30]} c5 {[%clk 01:23:32]} {[%emt
00:00:47]} 12. O-O {[%clk 01:29:55]} {[%emt 00:00:10]} cxd4 {[%clk 01:13:43]}
{[%emt 00:10:20]} 13. exd4 {[%clk 01:28:51]} {[%emt 00:01:33]} Ne4 {[%clk
01:14:09]} {[%emt 00:00:04]} 14. Nxe4 {[%clk 01:14:18]} {[%emt 00:15:03]} dxe4
{[%clk 01:14:33]} {[%emt 00:00:05]} 15. Bc4 {[%clk 01:14:36]} {[%emt 00:00:12]}
b5 {[%clk 01:13:00]} {[%emt 00:02:02]} 1/2-1/2

[Event "Top 12 2021"]
[Site "Chalons en Champagne, France"]
[Date "2021.07.04"]
[Round "11.21"]
[White "Gatineau, Yovann MUL"]
[Black "Paci, Cedric VAN"]
[Result "1/2-1/2"]
[WhiteElo "2401"]
[BlackElo "2240"]

1. d4 {[%clk 01:17:05]} {[%emt 00:01:07]} e6 {[%clk 01:30:36]} {[%emt
00:00:24]} 2. Nf3 {[%clk 01:17:28]} {[%emt 00:00:07]} Nf6 {[%clk 01:30:18]}
{[%emt 00:00:49]} 3. c4 {[%clk 01:17:47]} {[%emt 00:00:11]} Bb4+ {[%clk
01:30:18]} {[%emt 00:00:29]} 4. Bd2 {[%clk 01:18:09]} {[%emt 00:00:08]} Qe7
{[%clk 01:30:32]} {[%emt 00:00:16]} 5. g3 {[%clk 01:18:30]} {[%emt 00:00:09]}
Nc6 {[%clk 01:29:48]} {[%emt 00:01:14]} 6. Nc3 {[%clk 01:18:53]} {[%emt
00:00:08]} Bxc3 {[%clk 01:27:00]} {[%emt 00:03:18]} 7. Bxc3 {[%clk 01:19:14]}
{[%emt 00:00:08]} Ne4 {[%clk 01:27:21]} {[%emt 00:00:08]} 8. Qc2 {[%clk
01:19:39]} {[%emt 00:00:05]} Nxc3 {[%clk 01:27:17]} {[%emt 00:00:34]} 9. Qxc3
{[%clk 01:20:02]} {[%emt 00:00:08]} Qb4 {[%clk 01:18:07]} {[%emt 00:09:39]} 10.
Qxb4 {[%clk 01:20:24]} {[%emt 00:00:08]} Nxb4 {[%clk 01:18:32]} {[%emt
00:00:05]} 11. Kd2 {[%clk 01:20:48]} {[%emt 00:00:06]} b6 {[%clk 01:11:22]}
{[%emt 00:07:40]} 12. a3 {[%clk 01:19:10]} {[%emt 00:02:08]} Nc6 {[%clk
01:11:39]} {[%emt 00:00:13]} 13. e4 {[%clk 01:19:01]} {[%emt 00:00:39]} Bb7
{[%clk 01:09:57]} {[%emt 00:02:12]} 14. d5 {[%clk 01:13:51]} {[%emt 00:05:40]}
Ne7 {[%clk 01:09:27]} {[%emt 00:01:00]} 15. Bg2 {[%clk 01:08:41]} {[%emt
00:05:40]} f5 {[%clk 00:56:16]} {[%emt 00:13:41]} 16. Rhe1 {[%clk 00:57:42]}
{[%emt 00:11:29]} fxe4 {[%clk 00:50:04]} {[%emt 00:06:43]} 17. Rxe4 {[%clk
00:55:10]} {[%emt 00:03:01]} O-O {[%clk 00:49:09]} {[%emt 00:01:25]} 18. Rae1
{[%clk 00:32:32]} {[%emt 00:23:09]} Nf5 {[%clk 00:35:53]} {[%emt 00:13:45]} 19.
g4 {[%clk 00:21:31]} {[%emt 00:11:30]} Nd6 {[%clk 00:25:14]} {[%emt 00:11:10]}
20. Rd4 {[%clk 00:21:50]} {[%emt 00:00:12]} Rf6 {[%clk 00:24:10]} {[%emt
00:01:33]} 21. Re2 {[%clk 00:16:41]} {[%emt 00:05:39]} Raf8 {[%clk 00:18:25]}
{[%emt 00:06:15]} 22. Ne5 {[%clk 00:15:11]} {[%emt 00:02:00]} Rxf2 {[%clk
00:18:33]} {[%emt 00:00:22]} 23. Nxd7 {[%clk 00:13:41]} {[%emt 00:02:01]}
1/2-1/2